Chemistry : the central science (Record no. 39514)

MARC details
000 -LEADER
fixed length control field 00425nam a2200181Ia 4500
020 ## - INTERNATIONAL STANDARD BOOK NUMBER
ISBN 9780131864627
050 ## - CALL MARK
Classification number QD 31.3 .C43145/
100 ## - STATEMENT OF RESPONSIBILITY--MAIN AUTHOR NAME
Personal name Brown; Theodore L.
245 #0 - TITLE STATEMENT
Title Chemistry : the central science
250 ## - EDITION / VOLUME STATEMENT
Edition / Volume statement 10th ed.
260 ## - PUBLICATION, DISTRIBUTION, ETC. (IMPRINT)
Place of publication Upper Saddle River
260 ## - PUBLICATION, DISTRIBUTION, ETC. (IMPRINT)
Name of publisher Prentice Hall
260 ## - PUBLICATION, DISTRIBUTION, ETC. (IMPRINT)
Year of publication 2006
300 ## - PHYSICAL DESCRIPTION
Number of Pages 172 p
650 ## - SUBJECT ADDED ENTRY--TOPICAL TERM
Topical Term Upper Saddle River
942 ## - ADDED ENTRY ELEMENTS (KOHA)
Koha item type Books
Source of classification Library of Congress Classification
Holdings
Withdrawn status Lost status Source of classification or shelving scheme Damaged status Not for loan Permanent Location Current Location Shelving location Date acquired Accession Number Price effective from Koha item type Full call number
    Library of Congress Classification     NILE UNIVERSITY OF NIGERIA - MAIN LIBRARY NILE UNIVERSITY OF NIGERIA - MAIN LIBRARY Items on shelf 06/03/2025 0008265 06/03/2025 Books  
    Library of Congress Classification     NILE UNIVERSITY OF NIGERIA - MAIN LIBRARY NILE UNIVERSITY OF NIGERIA - MAIN LIBRARY Items on shelf 06/03/2025 0008270 06/03/2025 Books  
    Library of Congress Classification     NILE UNIVERSITY OF NIGERIA - MAIN LIBRARY NILE UNIVERSITY OF NIGERIA - MAIN LIBRARY   11/26/2025 0008259 11/26/2025 Books QD 31.3 .C43145 2006